00790nam a2200193 a 450000100100000000500170001000800410002704000250006808200150009310000290010824500860013726001230022330000250034649000300037170000270040183000380042895201130046699900170057900004631420201002052801.0150723s1989 mx 000 0 spa d aDO-SdBNPbspacBNPHU axxxxbxxxx1 aBerlandier, Luis,97433413aLa comisión de límites :bdiario de viaje /cLuis Berlandier, Rafael Chovell. aMonterrey :bGobierno del Estado de Nuevo León, Secretaría de Administración, Archivo General del Estado,c1989. av., 177 p. ;c19 cm.1 aCuadernos del Archivov3912aChovell, Rafael974335 0aCuadernos del Archivo.n39974336 001050718MOaGRbGRcCTd2015-07-23iLF1l0oxxxx xxxxp46314-10r2020-06-25w2020-06-25y1ZNo se presta c45803d45803